| 000 | 00915nam a22001937a 4500 | ||
|---|---|---|---|
| 005 | 20210325205159.0 | ||
| 008 | s2553 th ||||| |||| 00| 0 tha d | ||
| 050 | _aRA776.9 ส349ก 2553 | ||
| 245 | 1 | 0 | _aสร้างสุขให้เต็ม 4 : กาย...สุข |
| 260 | 3 |
_aกรุงเทพฯ : _bสำนักงานกองทุนสนับสนุนการสร้างเสริมสุขภาพ (สสส.), _c2553 |
|
| 300 |
_a67 หน้า : _b ภาพประกอบ ; _c 19 ซม. |
||
| 650 | 0 | 4 | _aการออกกำลังกาย |
| 650 | 0 | 4 | _aสุขภาพและอนามัย -- รวมเรื่อง |
| 850 | _aNALT | ||
| 942 |
_cGB _01 |
||
| 997 | _aบ 23569 | ||
| 997 | _c000000000062856 | ||
| 998 | _aนางสุกัญญา กัลยา | ||
| 999 |
_c62856 _d62856 |
||